| 000 | 00682cam a22002172a 4500 | ||
|---|---|---|---|
| 001 | 001674 | ||
| 003 | AR-FADEU | ||
| 008 | 311216n1981####xxu####################dd | ||
| 020 | _a0-226-11436-8 | ||
| 092 |
_a417.9 _bC728l _eMAESTRIA |
||
| 100 | _aComrie, Bernard | ||
| 245 | _aLanguage universals and linguistic typology : Sintax and morphology | ||
| 260 | _aChicago | ||
| 260 | _bUniversity of Chicago | ||
| 260 | _c1981 | ||
| 300 | _a252 p | ||
| 500 | _aIncludes: Map of languages cited, references, indexes of languages, proper names and topics | ||
| 650 | _a/LINGUISTICA/LINGUISTICA TIPOLOGICA; TIPOLOGIA/REVISADO//MAESTRIA/ | ||
| 546 | _ainglés | ||
| 942 | _cMAESTRIA | ||
| 999 |
_c7512 _d7512 |
||